[Event "10th American Continental"]
[Site "Montevideo URU"]
[Date "2015.05.21"]
[Round "8.62"]
[White "Boff, Andre Ricardo"]
[Black "Gomes, Marco Tulio"]
[Result "1-0"]
[WhiteElo "1927"]
[BlackElo "1883"]
[WhiteFideId "2154854"]
[BlackFideId "2115271"]
[EventDate "2015.05.15"]
[EventType "swiss"]

1. d4 d5 2. Nf3 Nf6 3. e3 e6 4. Bd3 c5 5. b3 Nc6 6. Bb2 Bd6 7. O-O O-O 8. Nbd2
cxd4 9. exd4 Nb4 10. Be2 Nc6 11. a3 b6 12. Ne5 Ne7 13. Bd3 Bb7 14. Qe2 Rc8 15.
f4 Re8 16. Rae1 Qc7 17. c3 g6 18. Rf3 Nc6 19. Rh3 Qe7 20. Qf2 Nh5 21. g4 Ng7 22.
Ndf3 Nxe5 23. fxe5 Bb8 24. Qe3 f5 25. exf6 Qxf6 26. Qh6 Kf7 27. Rf1 Ke7 28. Ne5
Nf5 29. Qxh7+ 1-0

[Event "10th American Continental"]
[Site "Montevideo URU"]
[Date "2015.05.21"]
[Round "8.63"]
[White "Quevedo, Andreina"]
[Black "Gauche, Eduardo"]
[Result "1-0"]
[WhiteElo "1661"]
[BlackElo "1927"]
[WhiteFideId "3004147"]
[BlackFideId "2128209"]
[EventDate "2015.05.15"]
[EventType "swiss"]

1. e4 e5 2. Nf3 Nc6 3. Bc4 Nf6 4. d3 Bc5 5. c3 d6 6. Bb3 Be6 7. Bc2 d5 8. exd5
Nxd5 9. O-O Be7 10. Re1 Bf6 11. Nbd2 h6 12. Nc4 e4 13. Rxe4 Bxc3 14. Rxe6+ fxe6
15. bxc3 Qf6 16. Qe1 O-O-O 17. d4 Rhf8 18. Bd2 g5 19. Nce5 Nce7 20. Ng4 Qf7 21.
Nxh6 Qh5 22. Qxe6+ Kb8 23. Bxg5 Rxf3 24. Bxe7 Nxe7 25. gxf3 Qg5+ 26. Ng4 Nd5 27.
c4 Nf4 28. Qf6 Ne2+ 29. Kf1 Qxf6 30. Nxf6 Nxd4 31. Be4 Rd6 32. Ng4 c5 33. Rb1 1-0

[Event "10th American Continental"]
[Site "Montevideo URU"]
[Date "2015.05.21"]
[Round "8.64"]
[White "Gomes, Carlos Henrique Caldeira"]
[Black "Areco, Antonio"]
[Result "1-0"]
[WhiteElo "1894"]
[BlackElo "1746"]
[WhiteFideId "2120160"]
[BlackFideId "139190"]
[EventDate "2015.05.15"]
[EventType "swiss"]

1. d4 Nf6 2. c4 g6 3. Nc3 Bg7 4. e4 d6 5. h3 O-O 6. Nf3 c6 7. Be3 Qa5 8. Nd2
Nbd7 9. Be2 Rd8 10. a3 Qc7 11. g4 Nf8 12. g5 Ne8 13. Nf3 Bd7 14. Rc1 Rac8 15. d5
c5 16. h4 Bg4 17. Nh2 Bxe2 18. Qxe2 Qd7 19. Ng4 e5 20. Qf3 Qe7 21. h5 a6 22. a4
Rc7 23. Bd2 f6 24. hxg6 Nxg6 25. Qh3 Nf8 26. Ne2 Rdd7 27. Ng3 fxg5 28. Nf5 Qd8
29. Ke2 Nf6 30. Bxg5 Rf7 31. Nxg7 1-0

[Event "10th American Continental"]
[Site "Montevideo URU"]
[Date "2015.05.21"]
[Round "8.65"]
[White "Pinero, Ismael"]
[Black "Pereira, Armando Scharlau"]
[Result "1-0"]
[WhiteTitle "CM"]
[WhiteElo "2013"]
[BlackElo "1717"]
[WhiteFideId "3004244"]
[BlackFideId "2122006"]
[EventDate "2015.05.15"]
[EventType "swiss"]

1. e4 e6 2. d4 d5 3. Nc3 Nf6 4. e5 Nfd7 5. f4 c5 6. Nf3 Nc6 7. Be3 a6 8. Qd2 b5
9. dxc5 Bxc5 10. Nd4 Bb7 11. Nce2 Nxd4 12. Bxd4 Qb6 13. Bxc5 Qxc5 14. Nd4 Rc8
15. a3 h6 16. O-O-O g6 17. g4 g5 18. f5 Nxe5 19. fxe6 f6 20. Be2 Rh7 21. Rhf1
Qf8 22. Bd3 Rhc7 23. Rde1 Qc5 24. c3 Qxd4 25. Bg6+ Nxg6 26. Qxd4 Nf4 27. Kb1 Ke7
28. h4 Rc4 29. Qb6 R8c7 30. hxg5 fxg5 31. Rh1 R4c6 32. Qd4 Rxe6 33. Rxe6+ Nxe6
34. Qe5 1-0

[Event "10th American Continental"]
[Site "Montevideo URU"]
[Date "2015.05.21"]
[Round "8.66"]
[White "Lanzilotta, Marcelo"]
[Black "Pena, Luis"]
[Result "1-0"]
[WhiteElo "2006"]
[BlackElo "1680"]
[WhiteFideId "3001750"]
[BlackFideId "3006000"]
[EventDate "2015.05.15"]
[EventType "swiss"]

1. e4 c5 2. c3 d6 3. d4 cxd4 4. cxd4 e6 5. Nf3 a6 6. Nc3 Nf6 7. Bd3 Qc7 8. Bf4
b5 9. Rc1 Qb6 10. Nxb5 Bd7 11. Nc7+ Kd8 12. Nxa8 Qxb2 13. O-O Nc6 14. Bg5 Nxd4
15. e5 Nxf3+ 16. Qxf3 Qxe5 17. Bxf6+ gxf6 18. Nb6 Bh6 19. Rce1 Qc5 20. Qxf6+ 1-0

[Event "10th American Continental"]
[Site "Montevideo URU"]
[Date "2015.05.21"]
[Round "8.67"]
[White "Larrea, Daniela"]
[Black "Pereira, Henry Alberto"]
[Result "1/2-1/2"]
[WhiteElo "1705"]
[BlackElo "1955"]
[WhiteFideId "3003000"]
[BlackFideId "4433270"]
[EventDate "2015.05.15"]
[EventType "swiss"]

1. d4 Nf6 2. c4 e6 3. g3 Bb4+ 4. Bd2 Qe7 5. Bg2 O-O 6. Nf3 d5 7. O-O Ne4 8. a3
Bxd2 9. Nbxd2 f5 10. Ne5 Nd7 11. Rc1 c6 12. f3 Nef6 13. Nd3 e5 14. dxe5 Nxe5 15.
Nf2 Be6 16. c5 Nc4 17. Nxc4 dxc4 18. Qd6 Qxd6 19. cxd6 Ne8 20. Rfd1 Rd8 21. d7
Nf6 22. e4 fxe4 23. Nxe4 Nxd7 24. Ng5 Bd5 25. f4 Nb6 26. Bxd5+ Rxd5 27. Rxd5
cxd5 28. Re1 h6 29. Nf3 Rd8 30. Nd4 Kf7 31. Kf2 Re8 32. Rd1 Re4 33. Nb5 Ke6 34.
Nc7+ Kd6 35. Nb5+ Kc5 36. Nc3 Rd4 37. Rxd4 Kxd4 38. Ke2 a6 39. g4 Nd7 40. h4 Nc5
41. g5 Nd3 42. gxh6 gxh6 43. f5 Ke5 44. f6 Kxf6 45. Nxd5+ Ke5 46. Ne3 Nxb2 47.
Kd2 b5 48. Ng4+ Kd6 49. Nxh6 Nd3 50. Nf5+ Ke5 51. Ne3 Ke4 52. Nc2 Kf4 53. Kc3
Ke5 54. a4 Kd5 55. axb5 axb5 56. h5 Kc5 57. h6 Ne5 58. Nb4 Ng6 59. h7 Kd6 60.
Kd4 Nh8 1/2-1/2

[Event "10th American Continental"]
[Site "Montevideo URU"]
[Date "2015.05.21"]
[Round "8.68"]
[White "Braga, Jose Pereira"]
[Black "Torres Acosta, Raul"]
[Result "1-0"]
[WhiteElo "1911"]
[BlackElo "1677"]
[WhiteFideId "2103435"]
[BlackFideId "3006174"]
[EventDate "2015.05.15"]
[EventType "swiss"]

1. e4 e5 2. Nf3 Nc6 3. Bb5 Nf6 4. O-O Be7 5. Bxc6 bxc6 6. Nxe5 Nxe4 7. Qg4 Nf6
8. Qxg7 Rf8 9. d4 Bb7 10. Nc3 d6 11. Ng4 Nxg4 12. Qxg4 Qd7 13. Qxd7+ Kxd7 14.
Be3 Rg8 15. g3 Rg6 16. Rfe1 Rag8 17. Ne2 f5 18. Nf4 R6g7 19. Rad1 d5 20. Bd2 h6
21. Nd3 Rh7 22. Bf4 h5 23. Ne5+ Kc8 24. Kg2 c5 25. c3 cxd4 26. cxd4 Bd6 27. Nd3
Be7 28. Rc1 Bf6 29. Be5 Bxe5 30. Rxe5 Rf7 31. Nf4 h4 32. Kf1 hxg3 33. hxg3 Rh8
34. Ke2 Rff8 35. Rc5 Kb8 36. Ke3 c6 37. Re6 Rd8 38. Ng6 Rhe8 39. Rxe8 Rxe8+ 40.
Ne5 Kc7 41. Kf4 Kd6 42. Rc1 Ke7 43. Rh1 Kd6 44. Rh7 Re7 45. Rxe7 Kxe7 46. Kxf5
Bc8+ 47. Kf4 a5 48. Nxc6+ 1-0

[Event "10th American Continental"]
[Site "Montevideo URU"]
[Date "2015.05.21"]
[Round "8.69"]
[White "Ortiz, Jorge"]
[Black "Porteiro, Rodrigo"]
[Result "1/2-1/2"]
[WhiteElo "1894"]
[BlackElo "1727"]
[WhiteFideId "113972"]
[BlackFideId "3006140"]
[EventDate "2015.05.15"]
[EventType "swiss"]

1. e4 c6 2. d4 d5 3. Nd2 dxe4 4. Nxe4 Bf5 5. Nc5 b6 6. Nb3 e6 7. Nf3 Nd7 8. Bd3
Bxd3 9. Qxd3 Ngf6 10. O-O Qc7 11. c4 Be7 12. Bg5 Rd8 13. Rfe1 O-O 14. Qc2 Rfe8
15. Rad1 h6 16. Bh4 Nh7 17. Bg3 Bd6 18. Bxd6 Qxd6 19. c5 bxc5 20. dxc5 Qc7 21.
Rd6 Ndf6 22. Ne5 Rxd6 23. cxd6 Qxd6 24. Qxc6 Rd8 25. h3 Nd5 26. Qb7 Qc7 27. Qxc7
Nxc7 28. Nc6 Rd6 29. Rc1 Nd5 30. a3 Nhf6 31. Nba5 Rd7 32. Ne5 Rc7 33. Rxc7 Nxc7
34. Nac6 a6 35. Kf1 Nfd5 36. g3 f6 37. Nd3 Kf7 38. Ke2 e5 39. Nc5 h5 40. Nb8 Nb6
41. b3 a5 42. Nc6 a4 43. Nxa4 Nxa4 44. bxa4 Ke6 45. a5 Kd6 46. Nb4 Nb5 47. Nc2
Kc5 48. Kd3 g6 49. a6 Na7 50. Nb4 Nb5 51. g4 h4 52. f3 f5 53. gxf5 gxf5 54. Nc2
Kb6 55. a4 Nd6 56. Nb4 Nf7 57. a5+ Ka7 58. Ke3 e4 59. fxe4 fxe4 60. Kf4 e3 61.
Kxe3 Ng5 62. Kf4 Nxh3+ 63. Kg4 Nf2+ 64. Kxh4 1/2-1/2

[Event "10th American Continental"]
[Site "Montevideo URU"]
[Date "2015.05.21"]
[Round "8.70"]
[White "Perez, Cecilia Manuela"]
[Black "Fein, Jorge"]
[Result "1-0"]
[WhiteElo "1525"]
[BlackElo "1790"]
[WhiteFideId "3003191"]
[BlackFideId "3003914"]
[EventDate "2015.05.15"]
[EventType "swiss"]

1. Nf3 Nf6 2. g3 e6 3. Bg2 d5 4. O-O Bc5 5. d3 c6 6. Nbd2 Nbd7 7. e4 a5 8. e5
Ng4 9. d4 Ba7 10. c3 Nh6 11. Ne1 Nf5 12. Kh1 b6 13. Ndf3 h6 14. g4 Nh4 15. Nxh4
Qxh4 16. f4 Qe7 17. f5 Ba6 18. Rf2 b5 19. Rf3 c5 20. Be3 Bb6 21. Rc1 Rc8 22. Qd2
c4 23. g5 hxg5 24. Bxg5 Qf8 25. fxe6 Nxe5 26. dxe5 f6 27. Qxd5 Rc7 28. Rd1 Qe7
29. exf6 gxf6 30. Bxf6 Qxf6 31. Rxf6 Rxh2+ 32. Kxh2 Rh7+ 33. Kg3 Rg7+ 34. Kh4
Bf2+ 35. Kh5 1-0

[Event "10th American Continental"]
[Site "Montevideo URU"]
[Date "2015.05.21"]
[Round "8.71"]
[White "Gomez Troccoli, Martin"]
[Black "Montenegro, Claudia"]
[Result "1-0"]
[WhiteElo "1761"]
[BlackElo "1628"]
[WhiteFideId "3006778"]
[BlackFideId "3006719"]
[EventDate "2015.05.15"]
[EventType "swiss"]

1. e4 e5 2. Nf3 Nc6 3. Bc4 Bc5 4. d3 d6 5. h3 Nf6 6. Bg5 Be6 7. Bb3 Qe7 8. Nc3
h6 9. Nd5 Bxd5 10. Bxf6 Qxf6 11. Bxd5 Nd4 12. Nxd4 Bxd4 13. O-O c6 14. c3 Bb6
15. Bc4 O-O 16. a4 Rad8 17. a5 Bc7 18. d4 d5 19. exd5 cxd5 20. Bb3 e4 21. Qh5
Qf4 22. g3 Qd6 23. f4 Rfe8 24. Kf2 Re6 25. Rg1 e3+ 26. Ke2 Qa6+ 27. Kf3 e2 28.
Bxd5 Qd3+ 29. Kg2 e1=Q 30. Rgxe1 Qd2+ 31. Kf1 Qd3+ 32. Kf2 Qd2+ 33. Re2 Rxe2+
34. Qxe2 Qxe2+ 35. Kxe2 Rxd5 36. Kf3 Bxa5 37. c4 Rxd4 38. Rxa5 Rxc4 39. Rxa7 Rb4
40. Ra2 Kf8 41. Kg4 Ke7 42. Kf5 Kd6 43. h4 h5 44. Ra5 Rxb2 45. Kg5 Kc6 46. Kxh5
Rb5+ 47. Rxb5 Kxb5 48. f5 Kc4 49. f6 gxf6 50. Kg4 b5 51. h5 b4 52. h6 b3 53. h7
b2 54. h8=Q b1=Q 55. Qc8+ Kd4 56. Qd7+ Ke5 57. Qe7+ Kd5 58. Qxf7+ Ke5 59. Qe7+
Kd5 60. Qxf6 Qb4+ 61. Qf4 Qb2 62. Qf7+ Kd6 63. Qf4+ Kd7 64. Qf5+ Kd6 65. Kg5 Qb3
66. g4 Qa2 67. Qf6+ Kd7 68. Kg6 Qd2 69. g5 Qe3 70. Kg7 Ke8 71. Qf7+ Kd8 72. g6
Qe4 73. Kh8 Qg4 74. Qh7 Qd4+ 75. Qg7 Qh4+ 76. Kg8 Qc4+ 77. Qf7 Qg4 78. Qf8+ Kd7
79. Qf7+ Kd8 80. g7 Qg5 81. Qf8+ Kd7 82. Qa8 Ke6 83. Qc6+ Ke7 84. Qc7+ Ke6 85.
Qf7+ Kd6 86. Qf8+ Kd7 87. Qf3 Ke8 88. Qh3 Qg6 89. Qh8 Qf6 90. Qh5+ Ke7 91. Kh7
Qc3 92. g8=Q Kd6 93. Qgg6+ Kd7 94. Qg7+ Qxg7+ 95. Kxg7 Kd6 96. Qf7 Ke5 97. Kg6
Kd6 98. Kf6 Kc6 99. Qe7 Kd5 100. Qe5+ Kc4 101. Qd6 Kc3 102. Ke5 Kc4 103. Qd4+
Kb5 104. Qc3 Kb6 105. Kd6 Kb5 106. Qc5+ Ka4 107. Qb6 Ka3 108. Kc5 Ka2 109. Kc4
Ka3 110. Qb3# 1-0

[Event "10th American Continental"]
[Site "Montevideo URU"]
[Date "2015.05.21"]
[Round "8.72"]
[White "Pelaez, Diego"]
[Black "Nakle, Gonzalo"]
[Result "1/2-1/2"]
[WhiteElo "1567"]
[BlackElo "1737"]
[WhiteFideId "3006476"]
[BlackFideId "3002250"]
[EventDate "2015.05.15"]
[EventType "swiss"]

1. d4 Nf6 2. c4 g6 3. Nc3 d5 4. Nf3 Bg7 5. e3 O-O 6. Be2 c5 7. O-O Nc6 8. b3
cxd4 9. exd4 Bf5 10. Bb2 Nh5 11. Nxd5 Be4 12. Ne5 e6 13. Nxc6 bxc6 14. Bxh5 cxd5
15. Bf3 Bxf3 16. Qxf3 dxc4 17. bxc4 Qb6 18. Qc3 Rfd8 19. Rfd1 Rd7 20. Rab1 Rb8
21. c5 Qc6 22. h3 Rd5 23. Rd2 Rb5 24. Qe3 Rb4 25. Qa3 Rb7 26. Rbd1 h5 27. Ba1
Rbd7 28. Qb3 Kh7 29. a4 e5 30. Qb5 Qxb5 31. axb5 exd4 32. c6 Rc7 33. Bxd4 Bxd4
34. Rxd4 Rxb5 35. Rd7 Rxc6 36. Rxf7+ Kh6 37. Rxa7 Rbc5 38. g3 Rc7 39. Ra6 Rf5
40. Kg2 Rc2 41. Rf1 Rf7 42. h4 Kg7 43. Re6 Rf5 44. Re3 1/2-1/2

[Event "10th American Continental"]
[Site "Montevideo URU"]
[Date "2015.05.21"]
[Round "8.73"]
[White "Croes, Octavio"]
[Black "Anza, Vicenzo"]
[Result "1-0"]
[WhiteTitle "CM"]
[WhiteElo "1887"]
[BlackElo "1486"]
[WhiteFideId "1007220"]
[BlackFideId "3007510"]
[EventDate "2015.05.15"]
[EventType "swiss"]

1. d4 Nf6 2. c4 g6 3. g3 Bg7 4. Bg2 O-O 5. Nf3 d6 6. Nc3 c5 7. O-O cxd4 8. Nxd4
e5 9. Ndb5 Nc6 10. Qxd6 Qxd6 11. Nxd6 Rd8 12. c5 Bf8 13. Bg5 Bxd6 14. Bxf6 Be7
15. Bxe7 Nxe7 16. Rfd1 Nc6 17. Bxc6 Rxd1+ 18. Rxd1 bxc6 19. Rd6 Bb7 20. Rd7 Rb8
21. Re7 Bc8 22. Re8+ Kg7 23. Ne4 Rb4 24. Rxc8 Rxe4 25. e3 Rb4 26. b3 a5 27. Rxc6
Rb5 28. Rc8 Kf6 29. c6 Ke7 30. c7 Rc5 31. Ra8 Kd7 32. c8=Q+ Rxc8 33. Rxc8 Kxc8
34. a3 Kc7 35. Kf1 Kc6 36. Ke2 e4 37. Kd2 Kc5 38. g4 f6 39. Kc3 h5 40. gxh5 gxh5
41. h4 f5 42. b4+ axb4+ 43. axb4+ Kb5 44. Kb3 Kb6 45. Kc4 Kc6 46. b5+ Kb6 47.
Kb4 1-0

[Event "10th American Continental"]
[Site "Montevideo URU"]
[Date "2015.05.21"]
[Round "8.75"]
[White "Perez, Jose Luis"]
[Black "Rodriguez Fuentealba, Diego"]
[Result "1-0"]
[WhiteElo "1543"]
[BlackElo "1522"]
[WhiteFideId "3001466"]
[BlackFideId "3422704"]
[EventDate "2015.05.15"]
[EventType "swiss"]

1. d4 d5 2. Nf3 Nf6 3. e3 c6 4. Bd3 e6 5. Nbd2 Nbd7 6. b3 Bd6 7. Bb2 O-O 8. Ne5
Qc7 9. f4 b6 10. g4 Bb7 11. g5 Ne8 12. Qh5 g6 13. Qh3 c5 14. O-O Nxe5 15. fxe5
Be7 16. Qh6 Ng7 17. Rf3 Nf5 18. Bxf5 exf5 1-0

[Event "10th American Continental"]
[Site "Montevideo URU"]
[Date "2015.05.22"]
[Round "9.3"]
[White "Quesada Perez, Yuniesky"]
[Black "Gonzalez Vidal, Yuri"]
[Result "1-0"]
[WhiteTitle "GM"]
[BlackTitle "GM"]
[WhiteElo "2645"]
[BlackElo "2550"]
[WhiteFideId "3504409"]
[BlackFideId "3503321"]
[EventDate "2015.05.15"]
[EventType "swiss"]

1. e4 e5 2. Nf3 Nc6 3. Bb5 a6 4. Ba4 Nf6 5. O-O Nxe4 6. d4 b5 7. Bb3 d5 8. dxe5
Be6 9. Qe2 Be7 10. Rd1 O-O 11. c4 bxc4 12. Bxc4 Bc5 13. Be3 Bxe3 14. Qxe3 Qb8
15. Bb3 Na5 16. Nbd2 Qa7 17. Qxa7 Rxa7 18. Rac1 c5 19. Ba4 Nxd2 20. Nxd2 Rc8 21.
b3 Rac7 22. f4 h6 23. Kf2 Nb7 24. Nf3 Nd8 25. h3 f5 26. exf6 gxf6 27. Be8 Nf7
28. f5 Bxf5 29. Bxf7+ Kxf7 30. Rxd5 Be4 31. Rd6 Rc6 32. Rd7+ Ke6 33. Ra7 Bxf3
34. Kxf3 R8c7 35. Rxc7 Rxc7 36. Rc4 Kd5 37. g4 Re7 38. Rf4 Re1 39. Kg3 Re2 40.
Ra4 f5 41. gxf5 Ke5 42. Rxa6 Kxf5 43. Rxh6 c4 44. bxc4 Re3+ 45. Kf2 Ra3 46. Ke2
Ke5 47. c5 Ke4 48. c6 Rxa2+ 49. Kd1 Ra7 50. Kc2 Kd5 51. h4 Rg7 52. Kb3 Kc5 53.
h5 Kb6 54. Rg6 Rf7 55. h6 Rf4 56. Kc3 Rh4 57. Kd3 Kc7 58. Ke3 Kd8 59. Re6 1-0

[Event "10th American Continental"]
[Site "Montevideo URU"]
[Date "2015.05.22"]
[Round "9.5"]
[White "Mareco, Sandro"]
[Black "Di Berardino, Diego Rafael"]
[Result "1-0"]
[WhiteTitle "GM"]
[BlackTitle "IM"]
[WhiteElo "2581"]
[BlackElo "2489"]
[WhiteFideId "112275"]
[BlackFideId "2105446"]
[EventDate "2015.05.15"]
[EventType "swiss"]

1. d4 d5 2. c4 e6 3. Nc3 c5 4. cxd5 exd5 5. Nf3 Nc6 6. g3 Nf6 7. Bg2 Be7 8. O-O
O-O 9. dxc5 Bxc5 10. Na4 Be7 11. Be3 Re8 12. Rc1 Bg4 13. h3 Be6 14. Nd4 Qd7 15.
Nxe6 fxe6 16. Nc5 Bxc5 17. Rxc5 Rad8 18. Qb3 Qf7 19. Rd1 Rd7 20. Qa4 Qg6 21. b4
Ne4 22. Rcc1 a6 23. Qc2 Rf7 24. a3 Ne7 25. Bc5 Qf5 26. g4 Qg6 27. Bxe7 Rfxe7 28.
Bxe4 dxe4 29. Rd4 e3 30. Qxg6 exf2+ 31. Kxf2 hxg6 32. Rc5 Rf8+ 33. Ke3 e5 34.
Rdd5 Rf1 35. Rxe5 Rxe5+ 36. Rxe5 Ra1 37. Ra5 Rh1 38. Kd4 Rxh3 39. Kc5 Re3 40.
Kb6 Re7 41. g5 Kf7 42. e4 Ke6 43. Rd5 Rf7 44. a4 Rf4 45. Rd4 Rf7 46. a5 Ke5 47.
Rc4 Kd6 48. Rc5 Rf4 49. Kxb7 Rxe4 50. Rc6+ 1-0

[Event "10th American Continental"]
[Site "Montevideo URU"]
[Date "2015.05.22"]
[Round "9.6"]
[White "Yermolinsky, Alex"]
[Black "Shabalov, Alexander"]
[Result "1/2-1/2"]
[WhiteTitle "GM"]
[BlackTitle "GM"]
[WhiteElo "2531"]
[BlackElo "2523"]
[WhiteFideId "2005492"]
[BlackFideId "2008572"]
[EventDate "2015.05.15"]
[EventType "swiss"]

1. e4 e5 2. Nf3 d6 3. d4 exd4 4. Qxd4 Nc6 5. Bb5 Bd7 6. Bxc6 Bxc6 7. O-O Nf6 8.
Re1 Be7 9. e5 dxe5 10. Qxe5 Qd7 11. Bf4 Nd5 12. Nc3 f6 13. Qh5+ g6 14. Nxd5 Bxd5
15. Qh6 O-O-O 16. Bg3 1/2-1/2

[Event "10th American Continental"]
[Site "Montevideo URU"]
[Date "2015.05.22"]
[Round "9.7"]
[White "Vera Siguenas, Deivy"]
[Black "Granda Zuniga, Julio E"]
[Result "1/2-1/2"]
[WhiteTitle "IM"]
[BlackTitle "GM"]
[WhiteElo "2469"]
[BlackElo "2650"]
[WhiteFideId "3804623"]
[BlackFideId "3800024"]
[EventDate "2015.05.15"]
[EventType "swiss"]

1. e4 e5 2. Nf3 d6 3. d4 exd4 4. Nxd4 Nf6 5. Nc3 Be7 6. Be2 O-O 7. O-O Re8 8. f4
Bf8 9. Bf3 c6 10. Re1 a5 11. Be3 a4 12. a3 Nbd7 13. Bf2 Nc5 14. h3 Nfd7 15. b4
axb3 16. cxb3 Nb6 17. Qc2 Qf6 18. b4 Nca4 19. Nxa4 Nxa4 20. Ne2 Bd7 21. Bd4 Qd8
22. e5 d5 23. Nc3 Nb6 24. Be2 Rc8 25. Bc5 Na8 26. Bd3 Qh4 27. Ne2 Nc7 28. Bf2
Qh6 29. Rad1 g6 30. Qd2 c5 31. bxc5 Ne6 32. Bb1 Bxc5 33. Bxc5 Rxc5 34. Rc1 Rxc1
35. Rxc1 Bb5 36. Rf1 Bxe2 37. Qxe2 Rc8 38. f5 Nf4 39. Qe3 g5 40. e6 Qf6 41. Kh2
h6 42. Rc1 Rxc1 43. Qxc1 Qe5 44. Qc8+ Kg7 45. f6+ Qxf6 46. exf7 Qxf7 47. Qc3+
Kg8 48. Qc8+ Kg7 49. Qc3+ Kf8 50. Qc8+ Qe8 51. Qf5+ Ke7 52. Qe5+ Ne6 53. Qxd5
Qb8+ 54. Kh1 b6 55. Bf5 Qd6 56. Bxe6 1/2-1/2

[Event "10th American Continental"]
[Site "Montevideo URU"]
[Date "2015.05.22"]
[Round "9.8"]
[White "Bachmann, Axel"]
[Black "Molina, Roberto Junio Brito"]
[Result "1-0"]
[WhiteTitle "GM"]
[BlackTitle "IM"]
[WhiteElo "2636"]
[BlackElo "2455"]
[WhiteFideId "3700488"]
[BlackFideId "2109450"]
[EventDate "2015.05.15"]
[EventType "swiss"]

1. e4 c5 2. Nc3 e6 3. Nf3 Nc6 4. d4 cxd4 5. Nxd4 Qc7 6. f4 b6 7. Nxc6 Qxc6 8.
Bd3 a6 9. Qe2 Bb7 10. Bd2 Bc5 11. O-O-O Ne7 12. g4 b5 13. a3 O-O-O 14. h4 d5 15.
e5 Kb8 16. h5 Nc8 17. h6 g6 18. f5 Nb6 19. Rhf1 Nc4 20. fxg6 fxg6 21. Rf7 Nxd2
22. Qxd2 Qb6 23. Kb1 Be3 24. Qh2 b4 25. axb4 Qxb4 26. Qe2 Qb6 27. Na4 Qa7 28.
Bxg6 Rdf8 29. Rd3 Bxh6 30. Rb3 Rxf7 31. Bxf7 Qg1+ 32. Ka2 Ka7 33. Bxe6 Qd4 34.
Bd7 Rd8 35. c3 Qc4 36. Qf2+ d4 37. Nb6 Qc5 38. Qxd4 Be3 39. Qxc5 Bxc5 40. e6 Rg8
41. c4 Bxb6 42. e7 Bc8 43. e8=Q Rxe8 44. Bxe8 Bxg4 45. Bc6 a5 46. Rb5 Be2 47. b3
a4 48. Re5 axb3+ 49. Kxb3 Bd1+ 50. Kb4 Bf2 51. Kb5 Kb8 52. Re8+ Kc7 53. Re7+ Kc8
54. Rxh7 1-0

[Event "10th American Continental"]
[Site "Montevideo URU"]
[Date "2015.05.22"]
[Round "9.9"]
[White "Supi, Luis Paulo"]
[Black "Felgaer, Ruben"]
[Result "1/2-1/2"]
[WhiteTitle "IM"]
[BlackTitle "GM"]
[WhiteElo "2416"]
[BlackElo "2582"]
[WhiteFideId "2106388"]
[BlackFideId "107069"]
[EventDate "2015.05.15"]
[EventType "swiss"]

1. e4 d6 2. d4 Nf6 3. Nc3 c6 4. f4 Qa5 5. e5 Ne4 6. Bd3 Nxc3 7. Qd2 g6 8. bxc3
Bh6 9. Nf3 dxe5 10. Nxe5 Nd7 11. Nc4 Qc7 12. O-O b5 13. Ne5 Nxe5 14. dxe5 O-O
15. Qf2 Bg7 16. Be3 f6 17. exf6 Bxf6 18. Bd4 Bxd4 19. cxd4 Bf5 20. Be2 Rad8 21.
c3 Rf6 22. Rfe1 Be6 23. Qe3 Bd5 24. g3 Re6 25. Qf2 c5 26. Bxb5 Rb6 27. Bf1 Ba8
28. Bg2 Bxg2 29. Qxg2 cxd4 30. cxd4 Rxd4 31. Rac1 Qd7 32. Qa8+ Kg7 33. Re2 Rd2
34. Qe4 Rxe2 35. Qxe2 Qd4+ 36. Kf1 Kf7 37. Re1 Qc5 38. Qe5 Qxe5 39. Rxe5 Ra6 40.
Re2 Ra3 41. Kf2 Kf6 42. Kg2 h6 43. Kh3 e6 44. Kg4 Ra4 45. Kf3 a5 46. Rc2 g5 47.
Re2 gxf4 48. gxf4 h5 49. Re5 Ra3+ 50. Ke4 h4 51. Rh5 h3 52. Rh6+ Kf7 53. f5
exf5+ 54. Kxf5 Kg7 55. Rh4 a4 56. Kg4 Rxa2 57. Kxh3 Kf6 58. Kg3 Ke5 59. Rh8 Kd4
60. Ra8 Kc4 61. h4 Ra1 62. h5 Kb3 63. Kg4 a3 64. h6 a2 65. Kg5 1/2-1/2

[Event "10th American Continental"]
[Site "Montevideo URU"]
[Date "2015.05.22"]
[Round "9.10"]
[White "Mekhitarian, Krikor Sevag"]
[Black "Quintiliano Pinto, Renato R."]
[Result "1/2-1/2"]
[WhiteTitle "GM"]
[BlackTitle "FM"]
[WhiteElo "2572"]
[BlackElo "2411"]
[WhiteFideId "2107660"]
[BlackFideId "2117568"]
[EventDate "2015.05.15"]
[EventType "swiss"]

1. d4 d5 2. c4 e6 3. Nf3 c6 4. g3 Nf6 5. Bg2 dxc4 6. O-O b5 7. Ne5 Bb7 8. Nc3 a6
9. b3 cxb3 10. axb3 Be7 11. Bb2 O-O 12. Ne4 Nfd7 13. Nd3 a5 14. Qc1 Na6 15. Rd1
Qc7 16. Ndc5 Naxc5 17. dxc5 Rfd8 18. Qc3 Nf6 19. Rxd8+ Rxd8 20. h3 b4 21. Qe5
Qxe5 22. Bxe5 Nxe4 23. Bxe4 Bxc5 24. Rxa5 Bd4 25. Bxd4 Rxd4 26. f3 Rd1+ 27. Kf2
f5 28. Bd3 c5 29. Rxc5 Bd5 30. Rb5 Bxb3 31. Rxb4 Bd5 32. g4 g6 33. Kg3 h6 34.
gxf5 exf5 35. Kf4 Kg7 36. Rd4 Bf7 37. Ke5 Rc1 38. h4 h5 39. Rd7 Rc6 40. e4 fxe4
41. fxe4 Kf8 42. Rd6 Rc7 43. Kf6 Be8 44. e5 Rf7+ 45. Kg5 Re7 46. Rf6+ Bf7 47.
Bxg6 Rxe5+ 48. Kh6 Re7 49. Kh7 Ra7 50. Bxh5 Rc7 51. Bg6 Ra7 52. h5 Rc7 53. Kh8
Re7 54. Rb6 Ra7 55. Rf6 Rb7 56. Rf1 Ra7 57. Rf2 Rb7 58. Rf3 Ra7 59. Rf4 Rb7 60.
Rf5 Ra7 61. h6 Rb7 62. Rf4 Ra7 63. Rf3 Rb7 64. Rf2 Ra7 65. Rf1 Rb7 66. h7 Ra7
67. Rf6 Rb7 68. Rf2 Ra7 69. Bc2 Rb7 70. Rg2 Rb2 71. Rg8+ Ke7 72. Rc8 Kf6 73. Be4
Rb4 74. Bd3 Rg4 75. Be2 Rg3 76. Rc6+ Ke7 77. Rb6 Rg5 78. Rb4 Kf6 79. Rf4+ Ke7
80. Bg4 Bd5 81. Be2 Bf7 82. Bf3 Be6 83. Be4 Rg3 84. Rf1 Bf7 85. Bf5 Rg5 86. Bd3
Rg3 87. Bc2 Rg5 88. Ra1 Rg3 89. Ra7+ Kf6 90. Be4 Rg5 91. Ra8 Rg3 92. Ra5 Rg4 93.
Rf5+ Ke7 94. Bf3 Rg3 95. Bd1 Rg1 96. Bf3 Rg3 97. Rf4 Rg5 98. Rh4 Kf6 99. Be4 Ke7
100. Rh6 Rg4 101. Bf5 Rg5 102. Bc2 Rg2 103. Rc6 Rg3 104. Rc8 Rg5 105. Bd3 Rg3
106. Bc4 Bxc4 107. Rxc4 Rg5 108. Rc8 Kf7 109. Rg8 Rf5 110. Rg7+ Kf8 1/2-1/2